Las hormonas del ovario y del lóbulo anterior de la hipófisis : (Record no. 129669)

MARC details
000 -LEADER
campo de control de longitud fija 00943nam a2200205 i 4500
001 - NÚMERO DE CONTROL
campo de control 129669
003 - IDENTIFICADOR DE NÚMERO DE CONTROL
campo de control ES-MaACL
005 - FECHA Y HORA DE LA ÚLTIMA TRANSACCIÓN
campo de control 20231228062700.0
007 - CAMPO FIJO DE DESCRIPCIÓN FÍSICA--INFORMACIÓN GENERAL
campo de control de longitud fija t|
008 - DATOS DE LONGITUD FIJA--INFORMACIÓN GENERAL
campo de control de longitud fija 070702s1934 sp ||||1| spa d
100 1# - ENTRADA PRINCIPAL--NOMBRE DE PERSONA
Nombre de persona Zondek, Bernhard.
9 (RLIN) 118341
245 14 - MENCIÓN DEL TÍTULO
Título Las hormonas del ovario y del lóbulo anterior de la hipófisis :
Resto del título investigaciones sobre la biología y la clínica de la función genital femenina /
Mención de responsabilidad, etc. por Bernhard Zondek ; con un apéndice, la reacción hormonal de embarazo con orina humana y animal ; traducción directa del alemán por el Dr. José Mª López Morales ; prólogo del Dr. Gregorio Marañón.
260 ## - PUBLICACIÓN, DISTRIBUCIÓN, ETC.
Lugar de publicación, distribución, etc. Barcelona :
Nombre del editor, distribuidor, etc. Labor,
Fecha de publicación, distribución, etc. 1934 (
Fabricante Tall. Gráf. Iberoamericanos)
300 ## - DESCRIPCIÓN FÍSICA
Extensión XXIII, 391 p. ;
Dimensiones 24 cm.
650 #4 - PUNTO DE ACCESO ADICIONAL DE MATERIA--TÉRMINO DE MATERIA
Término de materia o nombre geográfico como elemento de entrada Hormonas sexuales.
9 (RLIN) 170816
700 1# - ENTRADA AGREGADA--NOMBRE PERSONAL
Nombre de persona Lopez Morales, José María.
9 (RLIN) 73800
700 1# - ENTRADA AGREGADA--NOMBRE PERSONAL
Nombre de persona Marañón, Gregorio,
Fechas asociadas al nombre 1887-1960
9 (RLIN) 76311
852 4# - LOCALIZACIÓN
Ubicación ES-MaACL
Número de control de estantería E-1656
Holdings
Estatus retirado Estado de pérdida Estado de daño No para préstamo Biblioteca de origen Biblioteca actual Ubicación en estantería Fecha de adquisición Fuente de adquisición Total de préstamos Signatura topográfica completa Código de barras Visto por última vez Precio de reemplazo Tipo de ítem Koha
        Biblioteca del Ateneo de Madrid Biblioteca del Ateneo de Madrid Depósito 2 17/01/2008     E-1656 1135024 23/02/2023 23/02/2023 Libro impreso